'AC' Vocabulary (Hard) Quiz Stats

 Plays Quiz Updated Nov 13, 2017

Challenge
Share
Tweet
Embed
Score 0/10 Timer 01:30
3 Plays Today
% Correct
acclimatize
90.8%
acclaim
90.4%
accrue
84.8%
achromatic
84.4%
acrid
82%
accord
71.5%
acerbic
70.9%
actuate
70.6%
acarpous
69.9%
accede
61.7%

Today's Daily Dose

Missing Word
Bible Verses

Quick Pick
Brad Pitt Roles

On This Day
July 21st II

You're not logged in!

Compare scores with friends on all Sporcle quizzes.
Join for Free
OR
Log In

You Might Also Like...

Show Comments

Extras

Top Quizzes Today


Score Distribution

Your Account Isn't Verified!

In order to create a playlist on Sporcle, you need to verify the email address you used during registration. Go to your Sporcle Settings to finish the process.

Report this User

Report this user for behavior that violates our Community Guidelines.

Details: